• 首页
  • 本馆介绍
  • 公告通知
  • 最新文献
  • 馆藏检索
  • 电子资源
  • 读者导购
  • 参考咨询
  • 我的图书馆
  • 登录
  • 详细信息显示
  • 放入我的书架
  • 预约/预借图书
  • 作者相关作品
  • 分类相关作品
  • 丛书相关作品
  • 出版社相关作品

书目信息

  • 表格格式
  • 工作单格式
  • 卡片格式
题名:
葡萄酒与爱情
    
 
作者: 伯瑞诺特 著 ;吕姗姗 译
分册:  
出版信息: 北京   东方出版社  2014
页数: 165页
开本: 25cm
丛书名:
单 册:
中图分类: TS262.6 , C913.1
科图分类:
主题词: 葡萄酒--关系--爱情
电子资源:
ISBN: 978-7-5060-6942-7
000 00949nam0 2200277 450
001 338825
005 20150604092625.15
010    @a978-7-5060-6942-7@dCNY86.00
100    @a20140304d2014 em y0chiy50 ea
101 1  @achi@cfre
102    @aCN@b110000
105    @aa z 000yy
106    @ar
200 1  @a葡萄酒与爱情@Apu tao jiu yu ai qing@d= Le vin & l'amour@f(法) 菲利普·伯瑞诺特(Philippe Brenot) 著@g吕姗姗译@zfre
210    @a北京@c东方出版社@d2014
215    @a165页@c图@d25cm
300    @a法国“六大奇书”系列
330    @a本书章节包括“葡萄酒与爱情交织”、“爱情之醉”、“小爱神厄洛斯的漂泊”。书中还穿插大量以葡萄酒和爱情为主题的名画。
510 1  @aLe vin & l'amour@zfre
606 0  @a葡萄酒@x关系@x爱情
690    @aTS262.6@v5
690    @aC913.1@v5
701  0 @c(法)@a伯瑞诺特@Abo rui nuo te@c(Brenot, Philippe)@4著
702  0 @a吕姗姗@Alv shan shan@4译
801  0 @aCN@b卓展宏图@c20150525
905    @dTS262.6@e169@f5
    
    葡萄酒与爱情= Le vin & l'amour/(法) 菲利普·伯瑞诺特(Philippe Brenot) 著/吕姗姗译.-北京:东方出版社,2014
    165页:图;25cm
    法国“六大奇书”系列
    
    ISBN 978-7-5060-6942-7:CNY86.00
    本书章节包括“葡萄酒与爱情交织”、“爱情之醉”、“小爱神厄洛斯的漂泊”。书中还穿插大量以葡萄酒和爱情为主题的名画。
●
相关链接 在E读中查询图书 在五车中查询图书 在当当中查询图书 在豆瓣中查询图书


正题名:葡萄酒与爱情     索取号:TS262.6/169         预约/预借

序号 登录号 条形码 馆藏地/架位号 状态 备注
1 860723   208607239   第二样本阅览室/ [索取号:TS262.6/169] 在馆    
2 860724   208607248   第三借阅区/ [索取号:TS262.6/169] 在馆    
3 860725   208607257   第三借阅区/ [索取号:TS262.6/169] 在馆    
4 860726   208607266   第三借阅区/ [索取号:TS262.6/169] 在馆    
5 860727   208607275   第三借阅区/ [索取号:TS262.6/169] 在馆    
唐山师范学院图书馆 欢迎您!
大连网信软件有限公司© 版权所有